[Event "POR-chT 50th"]
[Site "Evora"]
[Date "2008.07.27"]
[Round "2"]
[White "Blalock, Rex E"]
[Black "Silva, Jorge"]
[Result "1-0"]
[WhiteElo "2218"]
[BlackElo "2027"]
[PlyCount "53"]
[EventDate "2008.07.26"]
[EventType "team-tourn"]
[EventRounds "9"]
[EventCountry "POR"]
[SourceTitle "EXT 2009"]
[Source "ChessBase"]
[SourceDate "2008.11.26"]
[SourceVersion "1"]
[SourceVersionDate "2008.11.26"]
[SourceQuality "1"]

1. d4 Nf6 2. c4 e5 3. dxe5 Ng4 4. Nf3 Nc6 5. e3 Ngxe5 6. Nxe5 Nxe5 7. Be2 Bb4+ 8. Bd2 Bxd2+ 9. Qxd2 d6 10. 0-0 0-0 11. Nc3 Be6 12. b3 Qd7 13. Rad1 Rad8 14. e4 f5 15. exf5 Bxf5 16. Qd5+ Kh8 17. Qxb7 a5 18. Qd5 Nc6 19. Qd2 Nb4 20. Nd5 c5 21. Nc3 Qf7 22. a3 Nc2 23. Nb5 Qg6 24. Bd3 Nd4 25. Nxd4 Bxd3 26. Qxd3 cxd4 27. Qxg6 1-0

[Event "Figueira da Foz op 4th"]
[Site "Figueira da Foz"]
[Date "2007.11.03"]
[Round "8"]
[White "Rusev, Krasimir"]
[Black "Blalock, Rex E"]
[Result "1-0"]
[WhiteElo "2479"]
[BlackElo "2204"]
[PlyCount "117"]
[EventDate "2007.10.28"]
[EventType "swiss"]
[EventRounds "9"]
[EventCountry "POR"]
[SourceTitle "EXT 2008"]
[Source "ChessBase"]
[SourceDate "2007.11.25"]
[SourceVersion "1"]
[SourceVersionDate "2007.11.25"]
[SourceQuality "1"]

1. d4 d5 2. Nf3 Nf6 3. c4 e6 4. g3 Be7 5. Bg2 0-0 6. 0-0 dxc4 7. Qc2 a6 8. Qxc4 b5 9. Qc2 Bb7 10. Bd2 Nc6 11. e3 Nb4 12. Bxb4 Bxb4 13. Nbd2 Rc8 14. Nb3 Be4 15. Qe2 Qd5 16. Rfd1 Rfd8 17. Rac1 Nd7 18. Ne1 Bxe1 19. f3 Qh5 20. Rxe1 Bd5 21. f4 Qxe2 22. Rxe2 Nf6 23. Rec2 Bxg2 24. Kxg2 Nd5 25. Kf3 Nb4 26. Rxc7 Rxc7 27. Rxc7 Nxa2 28. Nc5 Nb4 29. Ra7 g6 30. Nxa6 Nd3 31. b3 Rc8 32. Nc7 b4 33. Rb7 Nc1 34. Na6 Nxb3 35. Rxb4 Nd2+ 36. Ke2 Ne4 37. Nc5 Nc3+ 38. Kf3 Ra8 39. Rb3 Nd5 40. Nd3 Ra2 41. h3 h5 42. Ne5 Rc2 43. e4 Nf6 44. g4 hxg4+ 45. hxg4 Rc1 46. g5 Ne8 47. Nd7 Rc7 48. Nf6+ Nxf6 49. gxf6 Ra7 50. Ke3 Kh7 51. Kd3 g5 52. fxg5 Kg6 53. Rb5 Ra3+ 54. Kc4 Ra4+ 55. Kc3 Ra3+ 56. Kb4 Rg3 57. Re5 Rd3 58. d5 exd5 59. exd5 1-0

[Event "Figueira da Foz op 4th"]
[Site "Figueira da Foz"]
[Date "2007.11.01"]
[Round "5"]
[White "Blalock, Rex E"]
[Black "Vasques, Antonio Pedro Freix"]
[Result "1-0"]
[WhiteElo "2204"]
[BlackElo "1839"]
[PlyCount "71"]
[EventDate "2007.10.28"]
[EventType "swiss"]
[EventRounds "9"]
[EventCountry "POR"]
[SourceTitle "EXT 2008"]
[Source "ChessBase"]
[SourceDate "2007.11.25"]
[SourceVersion "1"]
[SourceVersionDate "2007.11.25"]
[SourceQuality "1"]

1. d4 Nf6 2. c4 c5 3. d5 e6 4. Nc3 d6 5. e4 Be7 6. Be2 Na6 7. Nf3 0-0 8. 0-0 Nc7 9. a4 exd5 10. cxd5 a6 11. Nd2 Re8 12. f3 b6 13. Nc4 Rb8 14. e5 dxe5 15. d6 b5 16. dxc7 Qxc7 17. axb5 axb5 18. Ne3 Rd8 19. Ned5 Nxd5 20. Nxd5 Qb7 21. Nxe7+ Qxe7 22. Qc2 c4 23. Be3 Rd7 24. Rfd1 Rc7 25. Qd2 Bf5 26. Qd5 Rd7 27. Qc5 Qxc5 28. Bxc5 Rxd1+ 29. Rxd1 f6 30. Bb4 Ra8 31. Rd5 Ra1+ 32. Kf2 Ra2 33. Bc3 Bd3 34. Bxd3 cxd3 35. Rxb5 Ra1 36. Rd5 1-0

[Event "Figueira da Foz op 4th"]
[Site "Figueira da Foz"]
[Date "2007.11.01"]
[Round "6"]
[White "Maltez, Nuno Manuel Fidalgo"]
[Black "Blalock, Rex E"]
[Result "0-1"]
[WhiteElo "2063"]
[BlackElo "2204"]
[PlyCount "50"]
[EventDate "2007.10.28"]
[EventType "swiss"]
[EventRounds "9"]
[EventCountry "POR"]
[SourceTitle "EXT 2008"]
[Source "ChessBase"]
[SourceDate "2007.11.25"]
[SourceVersion "1"]
[SourceVersionDate "2007.11.25"]
[SourceQuality "1"]

1. e4 e5 2. f4 exf4 3. Bc4 Qh4+ 4. Kf1 d5 5. Bxd5 Bd6 6. Nf3 Qh5 7. d4 Ne7 8. Nc3 f6 9. Qe1 Nbc6 10. Bxc6+ Nxc6 11. Nd5 Bg4 12. Qf2 0-0-0 13. c3 Rhe8 14. h3 Rxe4 15. hxg4 Qxh1+ 16. Ng1 Rde8 17. Bxf4 Re2 18. Qf3 Bxf4 19. Nxf4 R2e3 20. Qf2 R3e4 21. Qg3 Ne7 22. Nfh3 Nd5 23. Kf2 g5 24. Kf3 Nf4 25. Rf1 Re3+ 0-1

[Event "POR-ch prel"]
[Site "Lisbon"]
[Date "2007.08.18"]
[Round "8"]
[White "Silva, Antonio Augusto MC"]
[Black "Blalock, Rex E"]
[Result "0-1"]
[WhiteElo "2247"]
[BlackElo "2245"]
[PlyCount "106"]
[EventDate "2007.08.11"]
[EventType "swiss"]
[EventRounds "9"]
[EventCountry "POR"]
[SourceTitle "EXT 2022"]
[Source "ChessBase"]
[SourceDate "2021.10.06"]
[SourceVersion "1"]
[SourceVersionDate "2021.10.06"]
[SourceQuality "1"]

1. e4 c5 2. Nc3 e6 3. f4 d5 4. Nf3 d4 5. Ne2 Nf6 6. d3 Be7 7. g3 b6 8. Bg2 Bb7 9. 0-0 0-0 10. h3 Nc6 11. g4 Rc8 12. Ng3 b5 13. g5 Nd7 14. e5 Nb6 15. Ne4 Nd5 16. Nf6+ gxf6 17. gxf6 Nxf6 18. exf6 Bxf6 19. Ng5 Na5 20. Ne4 Kh8 21. Qh5 Rg8 22. Bd2 Bxe4 23. dxe4 Nc4 24. Rad1 Nxb2 25. Rde1 Nc4 26. Bc1 d3 27. cxd3 Qxd3 28. e5 Qg3 29. Re2 Bd8 30. Qxf7 Bb6 31. Qxe6 Rcf8 32. Kh1 Rg6 33. Qd7 a6 34. e6 Rgg8 35. e7 Re8 36. Bd5 Qd3 37. Bxg8 Qxd7 38. Bxc4 Qxh3+ 39. Rh2 Qxh2+ 40. Kxh2 bxc4 41. Bb2+ Kg8 42. Rg1+ Kf7 43. Rg7+ Ke6 44. Rxh7 Ba5 45. Rh6+ Kxe7 46. Rxa6 Bd2 47. Bf6+ Kf7 48. Rc6 Bxf4+ 49. Kg2 Be3 50. Kf3 Bg1 51. Kg2 Rg8+ 52. Kf1 Rg6 53. Rc8 Kxf6 0-1

[Event "POR-ch prel"]
[Site "Lisbon"]
[Date "2007.08.12"]
[Round "2"]
[White "Blalock, Rex E"]
[Black "Baptista, Ana Filipa"]
[Result "1-0"]
[WhiteElo "2245"]
[BlackElo "2055"]
[PlyCount "37"]
[EventDate "2007.08.11"]
[EventType "swiss"]
[EventRounds "9"]
[EventCountry "POR"]
[SourceTitle "EXT 2022"]
[Source "ChessBase"]
[SourceDate "2021.10.06"]
[SourceVersion "1"]
[SourceVersionDate "2021.10.06"]
[SourceQuality "1"]

1. d4 Nf6 2. c4 e6 3. Nc3 Bb4 4. e3 c5 5. Nge2 b6 6. a3 Bxc3+ 7. Nxc3 cxd4 8. exd4 d5 9. Bg5 Bb7 10. cxd5 exd5 11. Bb5+ Nbd7 12. 0-0 0-0 13. Bxd7 Qxd7 14. Bxf6 gxf6 15. Qf3 Rac8 16. Rfd1 Rfe8 17. Ne2 Rc2 18. Ng3 Rxb2 19. Nh5 1-0

[Event "Lisbon-ch final"]
[Site "Lisbon"]
[Date "2007.06.22"]
[Round "5"]
[White "Nanques, Helder Manuel Perei"]
[Black "Blalock, Rex E"]
[Result "0-1"]
[WhiteElo "1918"]
[BlackElo "2240"]
[PlyCount "116"]
[EventDate "2007.06.15"]
[EventType "swiss"]
[EventRounds "9"]
[EventCountry "POR"]
[SourceTitle "EXT 2018"]
[Source "ChessBase"]
[SourceDate "2017.10.13"]
[SourceVersion "1"]
[SourceVersionDate "2017.10.13"]
[SourceQuality "1"]

1. Nf3 Nf6 2. c4 g6 3. g3 Bg7 4. Bg2 0-0 5. 0-0 d6 6. d3 c5 7. Nc3 Nc6 8. Rb1 Bd7 9. Bd2 Re8 10. Re1 a6 11. Qc1 Rb8 12. a4 e5 13. Bg5 Nb4 14. b3 Qc7 15. Qd2 Bc6 16. e4 Nd7 17. Red1 Nf8 18. Ne1 Ne6 19. Be3 Nd4 20. Bxd4 exd4 21. Na2 Nxa2 22. Qxa2 a5 23. Qd2 b6 24. Nc2 Re7 25. Rf1 Rbe8 26. Rbe1 h5 27. f4 Bh6 28. Qf2 Qd7 29. f5 gxf5 30. Bh3 Re5 31. Bxf5 Qe7 32. Qf3 h4 33. Re2 Kh8 34. Qh5 Qg5 35. Qxf7 R8e7 36. Qg6 Qxg6 37. Bxg6 hxg3 38. h4 d5 39. cxd5 Bxd5 40. Na1 Be6 41. Kg2 Kg7 42. h5 Rg5 43. Rf3 Bg4 44. Nc2 Bxf3+ 45. Kxf3 Re6 46. Kg2 Rf6 47. Na3 Rf4 48. Nc4 Rh4 49. Kf3 g2 50. Rxg2 Rh3+ 51. Kf2 Rxg2+ 52. Kxg2 Rxd3 53. e5 Rxb3 54. e6 Kf6 55. Bf7 d3 56. Nd6 Rb2+ 57. Kf3 d2 58. Ne4+ Ke7 0-1

[Event "Lisbon-ch final"]
[Site "Lisbon"]
[Date "2007.06.21"]
[Round "4"]
[White "Blalock, Rex E"]
[Black "Pinto, Andre Filipe Silva"]
[Result "1-0"]
[WhiteElo "2240"]
[BlackElo "1866"]
[PlyCount "69"]
[EventDate "2007.06.15"]
[EventType "swiss"]
[EventRounds "9"]
[EventCountry "POR"]
[SourceTitle "EXT 2018"]
[Source "ChessBase"]
[SourceDate "2017.10.13"]
[SourceVersion "1"]
[SourceVersionDate "2017.10.13"]
[SourceQuality "1"]

1. Nf3 Nf6 2. c4 g6 3. Nc3 Bg7 4. e4 d6 5. d4 0-0 6. h3 e5 7. d5 a5 8. Bg5 Na6 9. Nd2 Nc5 10. Qc2 Bd7 11. Be2 Qe7 12. 0-0-0 Rfc8 13. Kb1 Qe8 14. g4 c6 15. Bxf6 Bxf6 16. h4 Bg7 17. g5 Na6 18. a3 Nc5 19. Rdg1 Rab8 20. h5 cxd5 21. Nxd5 b5 22. hxg6 fxg6 23. Qc3 Qf7 24. Qg3 bxc4 25. Bxc4 Be6 26. Qh4 Bh8 27. Rc1 Na4 28. b3 Nc5 29. Ka1 Rb7 30. Rc3 Rcb8 31. Rf3 Qd7 32. Rf6 Qg7 33. Rh3 Rf8 34. Rhf3 Rxf6 35. Nxf6+ 1-0

[Event "Lisbon-ch final"]
[Site "Lisbon"]
[Date "2007.06.18"]
[Round "2"]
[White "Blalock, Rex E"]
[Black "Baptista, Ana Filipa"]
[Result "1/2-1/2"]
[WhiteElo "2240"]
[BlackElo "2043"]
[PlyCount "156"]
[EventDate "2007.06.15"]
[EventType "swiss"]
[EventRounds "9"]
[EventCountry "POR"]
[SourceTitle "EXT 2018"]
[Source "ChessBase"]
[SourceDate "2017.10.13"]
[SourceVersion "1"]
[SourceVersionDate "2017.10.13"]
[SourceQuality "1"]

1. d4 Nf6 2. c4 e6 3. Nc3 Bb4 4. e3 b6 5. Nge2 Bb7 6. a3 Bxc3+ 7. Nxc3 d5 8. cxd5 Nxd5 9. Qg4 Qf6 10. Bb5+ c6 11. Ne4 Qg6 12. Qxg6 hxg6 13. Bd3 Ke7 14. Bd2 Nd7 15. 0-0 Rhd8 16. Rac1 Rac8 17. b4 N5f6 18. Ng5 c5 19. bxc5 Nxc5 20. Be2 Ncd7 21. Bb4+ Ke8 22. Bd3 Nb8 23. Rfd1 Nc6 24. Be1 Ne7 25. Nf3 Rxc1 26. Rxc1 Rc8 27. Bb5+ Nd7 28. Rxc8+ Bxc8 29. Ne5 Nd5 30. e4 N5f6 31. f3 a6 32. Bc6 Kf8 33. Bb4+ Kg8 34. Nc4 Nb8 35. d5 exd5 36. exd5 Nxc6 37. dxc6 Nd5 38. Be1 Kf8 39. Bf2 b5 40. Bc5+ Kg8 41. Nd6 Be6 42. Bb4 Ne7 43. c7 Nc8 44. Ne4 Nb6 45. Kf2 f5 46. Nd6 Nc8 47. Nb7 Nb6 48. Ba5 Nc4 49. Bb4 Nb6 50. Bc5 Nd5 51. Bd6 Nb6 52. Nc5 Bc8 53. Nd3 Nc4 54. Bc5 Kf7 55. f4 Ke6 56. Kg3 Bb7 57. Kh4 Kf7 58. Kg5 Bc8 59. g3 Bb7 60. h4 Bc8 61. Ne5+ Nxe5 62. fxe5 Bd7 63. Kf4 Bc8 64. Ke3 Ke6 65. Kd4 Kd7 66. Bd6 Kc6 67. Bf8 Be6 68. Bxg7 Kxc7 69. Kc5 Bf7 70. Bf8 Be6 71. Bd6+ Kb7 72. Bf8 Kc7 73. Bh6 Bc4 74. Bd2 Kd7 75. Bc3 Ke6 76. a4 Be2 77. a5 b4 78. Kxb4 Kd5 1/2-1/2

[Event "Lisbon Carris op 4th"]
[Site "Lisbon"]
[Date "2006.02.02"]
[Round "1"]
[White "Azevedo, Manuel Roque"]
[Black "Blalock, Rex E"]
[Result "0-1"]
[WhiteElo "1759"]
[BlackElo "2203"]
[PlyCount "116"]
[EventDate "2006.02.02"]
[EventType "swiss"]
[EventRounds "7"]
[EventCountry "POR"]
[SourceTitle "EXT 2008"]
[Source "ChessBase"]
[SourceDate "2007.11.25"]
[SourceVersion "1"]
[SourceVersionDate "2007.11.25"]
[SourceQuality "1"]

1. d4 Nf6 2. c4 e6 3. Nc3 Bb4 4. Qc2 0-0 5. a3 Bxc3+ 6. Qxc3 b6 7. Nf3 Bb7 8. g3 d6 9. Bg2 Nbd7 10. 0-0 c5 11. dxc5 Nxc5 12. Bg5 Nce4 13. Qe3 Nxg5 14. Nxg5 Bxg2 15. Kxg2 Rc8 16. Rac1 Rc5 17. Nf3 Qc7 18. b3 Rc8 19. Rcd1 d5 20. cxd5 Nxd5 21. Qd4 h6 22. Rd2 Qb7 23. Kg1 Qa6 24. Qb2 Nc3 25. Ne1 Nd5 26. Nd3 Rc3 27. Rc1 Qb5 28. Rxc3 Rxc3 29. Nc1 Qc6 30. Nd3 Nf6 31. Rd1 Rc2 32. Qe5 Qc8 33. Nb4 Rc1 34. Qd4 a5 35. Na2 Rc2 36. Rd2 Ne4 37. Rxc2 Qxc2 38. Qd3 Qxa2 39. Qxe4 Qxb3 40. a4 Qd1+ 41. Kg2 Qd5 42. Kf3 Kf8 43. Qxd5 exd5 44. Ke3 Ke7 45. Kd4 Kd6 46. g4 f6 47. h4 g6 48. e3 Ke6 49. f3 Kd6 50. f4 Ke6 51. f5+ gxf5 52. gxf5+ Kd6 53. e4 dxe4 54. Kxe4 Kc5 55. Kf4 h5 56. Ke4 Kc4 57. Ke3 b5 58. axb5 Kxb5 0-1

[Event "Figueira da Foz op 2nd"]
[Site "Figueira da Foz"]
[Date "2005.11.03"]
[Round "7"]
[White "Dias, Paulo Jorge Guimara"]
[Black "Blalock, Rex E"]
[Result "1-0"]
[WhiteElo "2306"]
[BlackElo "2218"]
[PlyCount "71"]
[EventDate "2005.10.29"]
[EventType "swiss"]
[EventRounds "9"]
[EventCountry "POR"]
[SourceTitle "EXT 2006"]
[Source "ChessBase"]
[SourceDate "2005.11.24"]
[SourceVersion "1"]
[SourceVersionDate "2005.11.24"]
[SourceQuality "1"]

1. d4 Nf6 2. c4 e6 3. Nf3 d5 4. Nc3 Bb4 5. e3 c5 6. a3 Bxc3+ 7. bxc3 Nc6 8. Bd3 0-0 9. 0-0 dxc4 10. Bxc4 Qc7 11. Qc2 e5 12. Bb5 e4 13. Nd2 Ng4 14. g3 f5 15. Nb3 b6 16. a4 Bb7 17. a5 Rac8 18. Rb1 Nxa5 19. Nxa5 bxa5 20. Qb3+ Kh8 21. Ba3 Rf6 22. Bxc5 Rh6 23. Be2 Ba8 24. Bxg4 fxg4 25. Rb2 Rg6 26. Rfb1 h5 27. Qb5 h4 28. Ba3 hxg3 29. hxg3 Rh6 30. Qf5 Rb6 31. Rxb6 axb6 32. Kg2 Qc4 33. Rh1+ Kg8 34. Rh5 Qc6 35. Qh7+ Kf7 36. Rf5+ 1-0

[Event "Carris GD op 3rd"]
[Site "Portugal"]
[Date "2005.??.??"]
[Round "3"]
[White "Aguiar, Carlos Alberto Bran"]
[Black "Blalock, Rex E"]
[Result "1/2-1/2"]
[WhiteElo "1977"]
[BlackElo "2206"]
[PlyCount "59"]
[EventDate "2005.??.??"]
[EventType "swiss"]
[EventRounds "7"]
[EventCountry "POR"]
[SourceTitle "EXT 2007"]
[Source "ChessBase"]
[SourceDate "2006.11.23"]
[SourceVersion "1"]
[SourceVersionDate "2006.11.23"]
[SourceQuality "1"]

1. d4 e6 2. e4 d5 3. exd5 exd5 4. Bd3 Nc6 5. c3 Bd6 6. Be3 Nge7 7. Qc2 Be6 8. Ne2 Qd7 9. Ng3 h5 10. Nd2 h4 11. Ne2 h3 12. g3 Bf5 13. 0-0-0 Bxd3 14. Qxd3 0-0-0 15. Bf4 Bxf4 16. Nxf4 g5 17. Ne2 Nf5 18. Nb3 Nd6 19. Nc5 Qf5 20. Qxf5+ Nxf5 21. Rhe1 Nh6 22. f3 g4 23. Ng1 gxf3 24. Nxf3 Ng4 25. Re2 Rd6 26. Nd3 Rf6 27. Nf4 Rf5 28. Rde1 Kd7 29. Kd2 b5 30. Ng1 1/2-1/2

[Event "Carris GD op 3rd"]
[Site "Portugal"]
[Date "2005.??.??"]
[Round "6"]
[White "Blalock, Rex E"]
[Black "Louro, Eugenio Diogo"]
[Result "1-0"]
[WhiteElo "2206"]
[BlackElo "1928"]
[PlyCount "131"]
[EventDate "2005.??.??"]
[EventType "swiss"]
[EventRounds "7"]
[EventCountry "POR"]
[SourceTitle "EXT 2007"]
[Source "ChessBase"]
[SourceDate "2006.11.23"]
[SourceVersion "1"]
[SourceVersionDate "2006.11.23"]
[SourceQuality "1"]

1. e4 c6 2. d4 d5 3. e5 Bf5 4. Nf3 h6 5. Be2 e6 6. 0-0 Nd7 7. c4 dxc4 8. Bxc4 Ne7 9. Nc3 Nb6 10. Bb3 Bg4 11. h3 Bxf3 12. Qxf3 Ned5 13. Ne4 Be7 14. Qg4 Bf8 15. Nd6+ Bxd6 16. Qxg7 Rf8 17. exd6 Qxd6 18. Bxh6 0-0-0 19. Qe5 Qxe5 20. dxe5 Rh8 21. Bd2 Ne7 22. Bg5 Rde8 23. Bxe7 Rxe7 24. f4 Nd5 25. Rae1 Ree8 26. f5 Reg8 27. fxe6 fxe6 28. Kh2 Rg5 29. Rf7 Rhh5 30. Bxd5 exd5 31. Re7 a5 32. Rf1 Rf5 33. Re1 Rhg5 34. Re2 Rf4 35. g4 Rg8 36. e6 Rgf8 37. Kg2 Re4 38. Rxe4 dxe4 39. Rf7 Re8 40. Rf6 Kc7 41. Kf2 Kd6 42. Ke3 Rh8 43. Kxe4 Rxh3 44. Kf5 c5 45. Rf7 Rf3+ 46. Kg5 Re3 47. Rxb7 Kxe6 48. Ra7 Re2 49. Rxa5 Rxb2 50. Rxc5 Rxa2 51. Rf5 Ra7 52. Kg6 Ra8 53. Rf4 Rg8+ 54. Kh7 Rg5 55. Kh6 Rg8 56. g5 Ke5 57. Rf1 Ke6 58. g6 Rh8+ 59. Kg7 Rh4 60. Kg8 Ke7 61. g7 Ke8 62. Re1+ Kd7 63. Re5 Rf4 64. Kh7 Rh4+ 65. Kg6 Rg4+ 66. Rg5 1-0

[Event "Carris GD op 3rd"]
[Site "Portugal"]
[Date "2005.??.??"]
[Round "7"]
[White "Carneiro, Carlos Alberto Carv"]
[Black "Blalock, Rex E"]
[Result "0-1"]
[WhiteElo "2221"]
[BlackElo "2206"]
[PlyCount "109"]
[EventDate "2005.??.??"]
[EventType "swiss"]
[EventRounds "7"]
[EventCountry "POR"]
[SourceTitle "EXT 2007"]
[Source "ChessBase"]
[SourceDate "2006.11.23"]
[SourceVersion "1"]
[SourceVersionDate "2006.11.23"]
[SourceQuality "1"]

1. d4 Nf6 2. c4 g6 3. Nc3 Bg7 4. e4 d6 5. Be2 0-0 6. Nf3 e5 7. dxe5 dxe5 8. Qxd8 Rxd8 9. Bg5 c6 10. Nxe5 Re8 11. 0-0-0 Na6 12. f4 h6 13. Bh4 g5 14. fxg5 hxg5 15. Bg3 Nc5 16. Rhe1 Be6 17. Bf1 Nh5 18. Nd3 Nxd3+ 19. Rxd3 Bxc4 20. Rd7 Be6 21. Rxb7 Nxg3 22. hxg3 Be5 23. Re3 Red8 24. Be2 Rd6 25. Kc2 a5 26. b3 Rdd8 27. Na4 Bc8 28. Re7 Bd6 29. Nb6 Bxe7 30. Nxa8 Bb7 31. Nc7 Bd6 32. Na6 Ra8 33. e5 Be7 34. Nc7 Rc8 35. Na6 c5 36. e6 f5 37. Bc4 Bxg2 38. Kc1 f4 39. gxf4 gxf4 40. Re5 Kg7 41. Rf5 Rf8 42. Rh5 Kg6 43. Rh2 f3 44. Bd5 Bd6 45. Rh4 Kf6 46. Kc2 Ke5 47. Bxf3 Bxf3 48. Rh6 Be4+ 49. Kc3 Rf6 50. Rh5+ Bf5 51. e7 Bxe7 52. Nc7 Bf8 53. Nb5 Rh6 54. Rg5 Rh3+ 55. Kc4 0-1

[Event "Olival Basto Region tt"]
[Site "Olival Basto"]
[Date "2004.04.21"]
[Round "7.1"]
[White "Ferreira, Joao Guerreiro"]
[Black "Blalock, Rex E"]
[Result "0-1"]
[WhiteElo "1942"]
[BlackElo "2195"]
[PlyCount "56"]
[EventDate "2004.03.29"]
[EventType "team"]
[EventRounds "10"]
[EventCountry "POR"]
[SourceTitle "EXT 2006"]
[Source "ChessBase"]
[SourceDate "2005.11.24"]
[SourceVersion "1"]
[SourceVersionDate "2005.11.24"]
[SourceQuality "1"]

1. e4 c5 2. Nf3 Nc6 3. d4 cxd4 4. Nxd4 Nf6 5. Nc3 d6 6. f3 e5 7. Nxc6 bxc6 8. Be3 Be6 9. Be2 Be7 10. Qd2 0-0 11. 0-0 d5 12. exd5 cxd5 13. Na4 d4 14. Bf2 Nd5 15. c3 Qa5 16. Qd1 Bd7 17. b3 Bxa4 18. bxa4 Nxc3 19. Be1 Nxe2+ 20. Qxe2 Qd5 21. Qd3 f5 22. Bf2 Rad8 23. Rab1 e4 24. fxe4 fxe4 25. Qa6 e3 26. Bg3 Rxf1+ 27. Rxf1 d3 28. Qxa7 Bc5 0-1

[Event "Olival Basto Region tt"]
[Site "Olival Basto"]
[Date "2004.04.19"]
[Round "6.1"]
[White "Blalock, Rex E"]
[Black "Quadrio, Alexandre"]
[Result "1/2-1/2"]
[WhiteElo "2195"]
[BlackElo "2182"]
[PlyCount "21"]
[EventDate "2004.03.29"]
[EventType "team"]
[EventRounds "10"]
[EventCountry "POR"]
[SourceTitle "EXT 2006"]
[Source "ChessBase"]
[SourceDate "2005.11.24"]
[SourceVersion "1"]
[SourceVersionDate "2005.11.24"]
[SourceQuality "1"]

1. d4 Nf6 2. c4 e6 3. Nc3 c5 4. d5 exd5 5. cxd5 d6 6. e4 g6 7. Bd3 Bg7 8. Nge2 0-0 9. 0-0 a6 10. a4 b6 11. h3 1/2-1/2

[Event "Olival Basto Region tt"]
[Site "Olival Basto"]
[Date "2004.04.16"]
[Round "5.1"]
[White "Fanha, Paulo Alexandre Mar"]
[Black "Blalock, Rex E"]
[Result "0-1"]
[WhiteElo "2041"]
[BlackElo "2195"]
[PlyCount "90"]
[EventDate "2004.03.29"]
[EventType "team"]
[EventRounds "10"]
[EventCountry "POR"]
[SourceTitle "EXT 2006"]
[Source "ChessBase"]
[SourceDate "2005.11.24"]
[SourceVersion "1"]
[SourceVersionDate "2005.11.24"]
[SourceQuality "1"]

1. e4 c5 2. Nc3 e6 3. g3 Nc6 4. Bg2 g6 5. f4 d6 6. Nf3 Bg7 7. 0-0 Nge7 8. Ne2 0-0 9. c3 b6 10. d4 Ba6 11. Be3 cxd4 12. Nfxd4 Nxd4 13. Bxd4 Bxd4+ 14. cxd4 d5 15. e5 Nf5 16. Rf2 Rc8 17. b3 Rc6 18. Bh3 Qc7 19. Bxf5 exf5 20. Rc1 Rc8 21. Rxc6 Qxc6 22. Kg2 h6 23. Qd2 Kg7 24. Ng1 Qc3 25. Qxc3 Rxc3 26. Rd2 Bd3 27. Kf2 Be4 28. Ke1 a5 29. Ne2 Rc8 30. Rb2 b5 31. Kd2 b4 32. a4 h5 33. Ra2 h4 34. Ng1 hxg3 35. hxg3 Rc3 36. Ra1 Rxb3 37. Rc1 Rd3+ 38. Ke2 b3 39. Rc7 b2 40. Rb7 Rxg3 41. e6 Kf8 42. exf7 Rxg1 43. Rxb2 Rg2+ 44. Ke3 Rg3+ 45. Ke2 Ra3 0-1

[Event "Amadora op"]
[Site "Amadora"]
[Date "2003.09.05"]
[Round "4.1"]
[White "Correia, Mario Rui Costa"]
[Black "Blalock, Rex E"]
[Result "1/2-1/2"]
[WhiteElo "2122"]
[BlackElo "2214"]
[PlyCount "94"]
[EventDate "2003.09.02"]
[EventType "swiss"]
[EventRounds "5"]
[EventCountry "POR"]
[SourceTitle "CBM 096 Extra"]
[Source "ChessBase"]
[SourceDate "2003.10.22"]
[SourceVersion "2"]
[SourceVersionDate "2003.10.20"]
[SourceQuality "1"]

1. e4 c5 2. Nf3 Nc6 3. d4 cxd4 4. Nxd4 Nf6 5. Nc3 e5 6. Ndb5 d6 7. a4 a6 8. Na3 Be6 9. Bc4 Rc8 10. 0-0 Be7 11. Re1 Nb4 12. b3 0-0 13. Bb2 Qc7 14. Qd2 Rfd8 15. Rad1 Bxc4 16. Nxc4 d5 17. Nxd5 Nbxd5 18. Bxe5 Qc5 19. exd5 Rxd5 20. Bd4 Qc7 21. Qe3 Bc5 22. Bxc5 Rxc5 23. Nd6 Rf8 24. c4 h6 25. b4 Rg5 26. c5 Qc6 27. Ne4 Nxe4 28. Qxe4 Qxe4 29. Rxe4 a5 30. h4 Rf5 31. Rd7 axb4 32. Rxb4 Rxc5 33. Rdxb7 Rfc8 34. Rb8 Rxb8 35. Rxb8+ Kh7 36. g3 Rc2 37. Rb4 h5 38. Rb5 g6 39. Kf1 Ra2 40. Rb4 Kg7 41. Ke1 Kf6 42. Rf4+ Ke6 43. Kd1 f6 44. Kc1 g5 45. Kb1 Rd2 46. Rf3 gxh4 47. gxh4 Rd4 1/2-1/2

[Event "POR-ch Apuramento"]
[Site "Portugal"]
[Date "2003.??.??"]
[Round "2"]
[White "Blalock, Rex E"]
[Black "Costa, Joao Guerra"]
[Result "1-0"]
[WhiteElo "2210"]
[BlackElo "2105"]
[PlyCount "71"]
[EventDate "2003.??.??"]
[EventType "swiss"]
[EventRounds "9"]
[EventCountry "POR"]
[SourceTitle "EXT 2007"]
[Source "ChessBase"]
[SourceDate "2006.11.23"]
[SourceVersion "1"]
[SourceVersionDate "2006.11.23"]
[SourceQuality "1"]

1. d4 f5 2. g3 Nf6 3. Bg2 g6 4. c4 Bg7 5. Nc3 0-0 6. Nh3 Nc6 7. d5 Ne5 8. Qb3 d6 9. Nf4 c5 10. h4 Rb8 11. Bd2 a6 12. a4 b6 13. h5 Ne8 14. hxg6 hxg6 15. Qc2 Nc7 16. Rb1 Qe8 17. b3 b5 18. axb5 axb5 19. cxb5 Nxb5 20. Nxb5 Qxb5 21. Bc3 Kf7 22. Rh7 Rh8 23. Rxg7+ Kxg7 24. Nd3 Rh2 25. Kf1 Rb6 26. f4 c4 27. Nb4 cxb3 28. Qd2 Ba6 29. fxe5 dxe5 30. Bxe5+ Kf7 31. Nxa6 Rxa6 32. Kg1 Ra2 33. Rb2 Rxb2 34. Bxb2 Rh7 35. Qe3 Qc4 36. d6 1-0

[Event "Batalha dos Mestres 4th"]
[Site "Lisbon"]
[Date "2003.??.??"]
[Round "5"]
[White "Blalock, Rex E"]
[Black "Damaso, Rui"]
[Result "1/2-1/2"]
[WhiteElo "2205"]
[BlackElo "2460"]
[PlyCount "71"]
[EventDate "2003.??.??"]
[EventType "tourn"]
[EventRounds "11"]
[EventCountry "POR"]
[EventCategory "1"]
[SourceTitle "EXT 2007"]
[Source "ChessBase"]
[SourceDate "2006.11.23"]
[SourceVersion "1"]
[SourceVersionDate "2006.11.23"]
[SourceQuality "1"]

1. e4 c5 2. Nf3 d6 3. d4 cxd4 4. Nxd4 Nf6 5. Nc3 Nc6 6. Bg5 e6 7. Qd2 a6 8. 0-0-0 h6 9. Bf4 Bd7 10. Nxc6 Bxc6 11. f3 d5 12. Qe1 Bb4 13. a3 Ba5 14. b4 Bb6 15. exd5 Bxd5 16. Be5 0-0 17. Kb1 Bc7 18. Nxd5 Bxe5 19. Qxe5 exd5 20. g4 a5 21. b5 Re8 22. Qd4 Qe7 23. h4 Qxa3 24. g5 Qxf3 25. Bd3 hxg5 26. hxg5 Re4 27. Bxe4 Nxe4 28. Rdf1 Qa3 29. g6 Nc3+ 30. Qxc3 Qxc3 31. gxf7+ Kf8 32. Rh8+ Ke7 33. Rxa8 Qb4+ 34. Kc1 Qa3+ 35. Kb1 Qb4+ 36. Kc1 1/2-1/2

[Event "Batalha dos Mestres 4th"]
[Site "Lisbon"]
[Date "2003.??.??"]
[Round "6"]
[White "Caselas Cabanas, Jacobo"]
[Black "Blalock, Rex E"]
[Result "1-0"]
[WhiteElo "2380"]
[BlackElo "2176"]
[PlyCount "67"]
[EventDate "2003.??.??"]
[EventType "tourn"]
[EventRounds "11"]
[EventCountry "POR"]
[EventCategory "1"]
[SourceTitle "EXT 2007"]
[Source "ChessBase"]
[SourceDate "2006.11.23"]
[SourceVersion "1"]
[SourceVersionDate "2006.11.23"]
[SourceQuality "1"]

1. d4 d5 2. c4 c6 3. e3 Nf6 4. Bd3 g6 5. Nf3 Bg7 6. Nc3 0-0 7. Qb3 dxc4 8. Bxc4 b5 9. Be2 Be6 10. Qc2 Bf5 11. e4 Bg4 12. Be3 Nbd7 13. 0-0 Rc8 14. Rfd1 a6 15. Rac1 e6 16. h3 Bxf3 17. Bxf3 Qe7 18. Bg5 h6 19. Bh4 g5 20. Bg3 e5 21. d5 cxd5 22. Nxd5 Nxd5 23. Qxc8 Rxc8 24. Rxc8+ Kh7 25. exd5 f5 26. d6 Qf7 27. Bc6 Qh5 28. f3 g4 29. hxg4 Qg5 30. Bxd7 fxg4 31. fxg4 Bf6 32. Bf5+ Kg7 33. d7 Bd8 34. Rxd8 1-0